| 000 | 00609nam a2200241Ia 4500 | ||
|---|---|---|---|
| 001 | Para_6056 | ||
| 003 | CHAP | ||
| 008 | 220125s1988 xx 000 0 und d | ||
| 010 | _a204836 | ||
| 040 | _cCHAP | ||
| 082 | _aPA 581.24 B5 | ||
| 100 |
_aBlum, Abraham _913225 |
||
| 245 |
_aPlant breeding for stress envirnments / _c by Abraham Blum |
||
| 260 |
_aBoca Raton, Florida : _b CRC |
||
| 300 | _a223 p. | ||
| 901 | _aPA 581.24 B5 | ||
| 902 | _aA | ||
| 905 | _a0000001988 0000000000 00 | ||
| 910 | _a1988 | ||
| 942 | _cPARA | ||
| 942 |
_cPARA _d1 |
||
| 999 |
_c204836 _d204836 |
||